000 00487nam a22001817a 4500
003 OSt
005 20260203095417.0
008 260203b |||||||| |||| 00| 0 eng d
020 _a9789354659102
040 _cJAYPEE BROTHERS
082 _24
_a616.61
_bUDW
100 _aUDWADIA F.E
245 _aPRINCIPALES OF CRITICAL CARE.
260 _aB.M.S.G.B PUNE
_bJAYPEE BROTHERS
_c2024
300 _aXVIII;981;HB
500 _aBILL NO - 6408 DATE - 13/01/2026
942 _2ddc
_cTB
_e4
_n0
999 _c1215316
_d1215316